Nemecko-slovenský ekonomický slovník A-L
Salvato in:
| Autore principale: | |
|---|---|
| Ente Autore: | |
| Altri autori: | , |
| Natura: | Libro |
| Lingua: | tedesco slovacco |
| Pubblicazione: |
Bratislava
Vydavateľstvo Ekonóm
1998
|
| Soggetti: | |
| Tags: |
Nessun Tag, puoi essere il primo ad aggiungerne!!
|
MARC
| LEADER | 00000nam a2200000 4500 | ||
|---|---|---|---|
| 001 | c100734 | ||
| 005 | 20221028080448.0 | ||
| 020 | |a 80-225-0919-1 | ||
| 041 | 0 | |a ger | |
| 041 | 0 | |a slo | |
| 044 | |a SK | ||
| 245 | 1 | 0 | |a Nemecko-slovenský ekonomický slovník A-L |c Eva Ondrčková, Danuša Lišková, Jana Pospíšilová |
| 264 | 1 | |a Bratislava |b Vydavateľstvo Ekonóm |c 1998 | |
| 300 | |a 201 s. | ||
| 610 | 2 | 0 | |a jazykoveda |
| 610 | 2 | 0 | |a terminológia |
| 610 | 2 | 0 | |a veda ekonomická |
| 610 | 2 | 0 | |a ekonómia |
| 610 | 2 | 0 | |a slovníky |
| 100 | 1 | |a Ondrčková, Eva | |
| 700 | 1 | |a Lišková, Danuša | |
| 700 | 1 | |a Pospíšilová, Jana, 1950- | |
| 710 | 2 | |a Ekonomická univerzita v Bratislave. Ústav jazykov | |